000 00821nam a2200253Ia 4500
008 160418s9999 xx 000 0 und d
020 _a978-971-574-103-3
050 _aFIL DS 675.8
050 _b.R5R66 2006
100 _aRomero, Ma. Coronas S.
245 _aRizal and the development of national consciousness :
245 _ba textbook for the course on Rizal's life, works, and writings
245 _cMa. Corona S. Romero, Julita R. Sta Romana, Lourdes Y. Santos
250 _a2nd Edition
260 _aQuezon City:
260 _bKatha Pub. Co., Inc.,
260 _c2006
300 _a180 pages :
300 _billustrations ;
300 _c25 cm.
500 _aIncludes bibliographical references and index.
650 _aRizal, Jose, 1861-1896.
650 _xHeroes -- Philippines -- Biography.
999 _c293648
_d293648